000 01206cam a2200241 4500
001 WB3612-24
008 000000n2000 000 0 eng u
035 _a(Sirsi) u104973
245 _aListed buildings and curtilage
260 _c2000
490 _aEstates Gazette Case Summaries
_v[2000] EGCS 31 (1)
520 _aCA 25 February 2000. "Skerritts of Nottingham Ltd v SOS Environment, and another". The council issued a listed building enforcement notice against the respondent S in respect of a stable block lying within the curtilage of the Grade II listed Grimsdyke Hotel. SOS took inspector's advice and dismissed respondent's appeal against notice. Deputy judge found inspector had overlooked principle that curtilage of listed building limited to a small area around building. Respondent's appeal allowed. SOS appealed. Held, appeal allowed.
590 _aWB
650 _aLISTED BUILDINGS
650 _aCURTILAGE
650 _aSKERRITS OF NOTTINGHAM LTD V SOS ENVIRONMENT
650 _aENFORCEMENT NOTICES
650 _aTOWN AND COUNTRY PLANNING ACT 1990 S65
650 _aDYER V DORSET CC
650 _aDEBENHAMS V WESTMINSTER CITY COUNCIL
690 _aPROPERTY
942 _n0
999 _c62965
_d62965